| 000 | 00513cam a2200157 4500500 | ||
|---|---|---|---|
| 005 | 20250921011745.0 | ||
| 041 | _afre | ||
| 042 | _adc | ||
| 100 | 1 | 0 |
_aHaidar, Riad _eauthor |
| 700 | 1 | 0 |
_a Hugonnot, Emmanuel _eauthor |
| 700 | 1 | 0 |
_a Joindot, Michel _eauthor |
| 700 | 1 | 0 |
_a Moncorgé, Richard _eauthor |
| 245 | 0 | 0 | _aSources laser |
| 260 |
_bTechniques de l'ingénieur,
_c2025. |
||
| 856 | 4 | 1 | _uhttps://shs.cairn.info/techniques-de-l-ingenieur-sources-laser--42452210?lang=fr&redirect-ssocas=7080 |
| 999 |
_c1509252 _d1509252 |
||